000 00342nam a2200133Ia 4500
008 210210b1964 xxu||||| |||| 00| 0 eng d
082 _a150/32
100 _aFUSTER (J M).
245 _aPsychological counselling in India.
260 _a
_bNot Mentioned
_c1964
650 _aPsychological counselling
690 _aPsychology
906 _a000980
999 _c77495
_d77495